ბათუმის შოთა რუსთაველის სახელმწიფო უნივერსიტეტის ბიბლიოთეკა

The Big Picture : (ბიბ.ჩანაწერი № 61768)

000 -LEADER
fixed length control field 00566nam a22001817a 4500
005 - DATE AND TIME OF LATEST TRANSACTION
control field 20240430170749.0
008 - FIXED-LENGTH DATA ELEMENTS--GENERAL INFORMATION
fixed length control field 240430s2008 enk||||| |||| 00| 0 eng d
020 ## - INTERNATIONAL STANDARD BOOK NUMBER
International Standard Book Number 9780071477482x
041 ## - LANGUAGE CODE
Language code of text/sound track or separate title eng
080 ## - UNIVERSAL DECIMAL CLASSIFICATION NUMBER
Universal Decimal Classification number 616-091 K-32
100 ## - MAIN ENTRY--PERSONAL NAME
Personal name Kemp, W. L.
9 (RLIN) 22001
245 ## - TITLE STATEMENT
Title The Big Picture :
Remainder of title Pathology /
Statement of responsibility, etc. W. Kemp, Dennis Burns, Travis Brown.
264 ## - PRODUCTION, PUBLICATION, DISTRIBUTION, MANUFACTURE, AND COPYRIGHT NOTICE
Place of production, publication, distribution, manufacture New York :
Name of producer, publisher, distributor, manufacturer ‎McGraw Hill,
Date of production, publication, distribution, manufacture, or copyright notice 2008.
300 ## - PHYSICAL DESCRIPTION
Extent 446 p.:
Other physical details ill.:
Dimensions 28 cm.
700 ## - ADDED ENTRY--PERSONAL NAME
Personal name Burns, Dennis
Relator term ავტორი
9 (RLIN) 22002
700 ## - ADDED ENTRY--PERSONAL NAME
Personal name Brown, Travis
Relator term ავტორი
9 (RLIN) 22003
942 ## - ADDED ENTRY ELEMENTS (KOHA)
Source of classification or shelving scheme
Koha item type წიგნი
ეგზემპლარები
Withdrawn status Lost status Source of classification or shelving scheme Damaged status Not for loan Permanent Location Current Location Shelving location Date acquired Cost, normal purchase price Full call number Barcode Date last seen Copy number Price effective from Koha item type Public note
          ბათუმის შოთა რუსთაველის სახელმწიფო უნივერსიტეტის მთავარი ბიბლიოთეკა ბათუმის შოთა რუსთაველის სახელმწიფო უნივერსიტეტის მთავარი ბიბლიოთეკა წიგნსაცავი 2024-04-30 79.00 616-091 K-32 67917 2024-04-30 67917 2024-04-30 წიგნი 79 ლ.